00928nam a2200253 i 4500003000900000005001700009006001900026007000300045008004100048040003000089082001400119100004000133245011500173264003500288300004500323336002600368337003200394338002800426590002700454700003000481942001400511952013200525999001700657DO-SdBNP20230628090100.0a||||br|||| 00| 0 ta230627t1971 dr a|||| |||| 00| 0 spa d aDO-SdBNPbspacBNPHUerda 4222bM528c1 972971aMelo Cardona, Ligia Amada de aCiencias Naturales 1 curso :beducación media. plan de reforma. /cLigia Amada Melo Cardona, Antonio Mezón 4aSanto Domingo :bDisesa,c1971 a252 páginas :bIlustraciones ;c23 cm. 2rdacontenatextobtxt 2rdamediaasin mediciónbn 2rdacarrieravolumenbnc aInventariado 2023 / MF1 a Mezón, Antonio 983623 2ddccLBS1 00102ddc51708PDaBNPHUbBNPHUcCTd2019-06-27eDonado por Barbara Suncarl0oM528cp2023-2825r2023-06-27w2023-06-27yLBS1 c53983d53983